00543pam a2200157 a 4500020000500000041000500005082001600010100001600026245005700042260003800099300001100137700001500148930000900163999001900172952019400191 c h a338.88bGUP aGupta, R, C aInternational Business ManagementhTextual Documents aNew DelhibAlfa Publicationc2009 aVI/288 aJain, T, C a3669 c110500d110500 001040708GeneralaAKSbAKScAKS-MBA-Ref-Rack-4d2009-09-11eBharati Madhyavarti Sahakari Grahakbhandar Limitedg750.00l0o338.88 GUPpAKS-M-08906r2023-03-01 00:00:00t1w2023-03-01yBK